000 01347nam a2200241 i 4500
003 DO-SdBNP
005 20230918095802.0
006 a||||gr|||| 00| 0
007 ta
008 230915e1964 dr ||||| |||| 00| j eng d
040 _aDO-SdBNP
_bspa
_cBNPHU
_erda
082 4 _222
_bM665h
100 1 _aMiniño Gómez, Ricardo
_918851
_eautor
245 1 3 _aLa hermana Matilde:
_b(cuentos, parábolas y leyendas). /
_cRicardo Miniño Gómez.
264 1 _aSanto Domingo :
_bLibrería Dominicana,
_c1964
300 _a166 páginas ;
_c19 cm.
336 _2rdacontent
_atexto
_btxt
337 _2rdamedia
_asin mediación
_bn
338 _2rdacarrier
_avolumen
_bnc
505 _aPórtico.
_tLa Creación de Eva.-- La Muerte de Adán y Eva.-- Caín.-- Prometeo.-- Parábola de Luís.-- El Rapto de Maniocatex.-- Entrevista con Lázaro.-- La Vuelta de las Golondrinas.-- Juan y las Golondrinas.-- Elegía por una golondrina.-- Marionetas.-- Soldaditos de Plomo.-- Diálogo absurdo.-- Vida del Músico Eleuterio.-- El Cuento que nadie escribió.-- Maritza.-- El Juicio de Laura.-- Blanca y Verde.-- El Ramo de Crisantemos.--
_tEl Testamento.-- Las P:uertas.-- Los Iconoclastas.-- El Ermitaño.-- Diálogo de los Muertos.-- El Regicida.-- La Hermana Matilde.-- Pax Mortuis!.--Las Tres Gracias.--Música
590 _aInventariado 2023 / MF
942 _2ddc
_cLBS1
999 _c54769
_d54769